Pod novou vlajkou

Bibliographic Details
Main Author: Blaho, Vladimír, 1943- (Author)
Format: Article
Language:Slovak
ISSN:0862-5999
Subjects:

MARC

LEADER 00000nab a2200000 a 4500
001 vtls008854167
003 SK-MaSNL
005 20260426063715.0
008 140422c2006 xo |||| | | 000 b|slo
015 |a SNBRB2006/10  |2 snkbucl 
038 |a SNKBUCL 
040 |a SNKBUCL  |b slo  |c SNKBUCL  |e AACR2 
041 0 |a slo 
044 |a xo  |c SK 
080 |a 792.54  |x (437.6)  |2 1997 
100 1 |a Blaho, Vladimír,  |d 1943-  |4 aut  |9 102391 
245 1 0 |a Pod novou vlajkou  |c Vladimír Blaho 
600 1 7 |a Chudovský, Marián,  |d 1959-  |2 snkbucl  |9 109861 
610 2 7 |a Slovenské národné divadlo.  |b Opera  |2 snkbucl  |9 65024 
651 7 |a Bratislava (Slovensko)  |2 snkbucl  |9 14568 
773 0 |t Literárny (dvoj)týždenník  |g Roč. XIX, č. 29-30 (2006), s. 10  |x 0862-5999 
852 |a SNK  |b KIS3GCP 
958 |a SK 
999 |c 2561997  |d 2563927